| 000 | 00379cam a2200145ua 4500 | ||
|---|---|---|---|
| 041 |
_amal _h |
||
| 082 |
_a039.94812 _bMAT/VI |
||
| 100 | _aMathew, Kuzhivelil M . | ||
| 245 |
_aVijnanam, Vol 5 / _cMathew M Kuzhivelil. _hTextual Documents |
||
| 260 |
_aThiruvananthapuram : _bBalan Publishers , _c1966. |
||
| 300 | _a152 ; . | ||
| 504 | _a | ||
| 942 | _cBK | ||
| 999 |
_c3891 _d3891 |
||